000
00283nam a22001217a 4500
003
OSt
008
220304b ||||| |||| 00| 0 eng d
082
_a
894
_b
SAN/Ay
100
_a
kaanipayur sankaran nambuthiri
_9
5190
245
_a
Ayyanmarude kudiyetam
260
_c
1965
942
_c
BK
999
_c
17505
_d
17505